Name the England-France lineups - Blitz - Statistics

General Stats
  • This quiz has been taken 23 times
  • The average score is 14 of 22
Answer Stats
Hint Answer % Correct
ENG Jordan Pickford
94%
ENG Harry Kane
88%
FRA Hugo Lloris
88%
FRA Kylian Mbappe
88%
FRA Olivier Giroud
88%
ENG Jude Bellingham
76%
FRA Antoine Griezmann
71%
ENG Bukayo Saka
71%
ENG Harry Maguire
71%
ENG John Stones
65%
ENG Luke Shaw
65%
ENG Kyle Walker
59%
ENG Phil Foden
59%
ENG Declan Rice
53%
FRA Ousmane Dembele
53%
FRA Aurelien Tchouameni
47%
FRA Raphael Varane
47%
FRA Theo Hernandez
47%
FRA Dayot Upamecano
41%
FRA Jules Kounde
41%
FRA Adrien Rabiot
35%
ENG Jordan Henderson
29%
No matching quizzes found
Score Distribution
Percent of People with Each Score
Percentile by Number Answered
Your Score History
You have not taken this quiz